[Event "Aberto Brasil - II Niterói Chess Open "]
[Site "Salão de Convenções do Hot"]
[Date "2022.09.03"]
[Round "4.52"]
[White "Carlos, Roberta Souto"]
[Black "Souza, Ramon Santana De"]
[Result "0-1"]
[WhiteElo "1686"]
[BlackElo "1876"]
[PlyCount "70"]
[EventDate "2022.09.01"]
[EventRounds "9"]
[EventCountry "BRA"]

1. e4 g6 2. d4 Bg7 3. Nf3 d6 4. Bc4 c6 5. O-O Nf6 6. Nbd2 O-O 7. Re1 Qc7 8. h3
e5 9. dxe5 dxe5 10. Qe2 Nbd7 11. Nf1 b5 12. Bd3 Nc5 13. Ng3 a5 14. a4 Nb3 15.
cxb3 b4 16. Be3 Ba6 17. Qc2 Rfd8 18. Rac1 Rac8 19. Nd2 Bxd3 20. Qc5 Nd7 21. Qa7
Qxa7 22. Bxa7 c5 23. Nf3 Bh6 24. Rcd1 Bc2 25. Rd6 Bf8 26. Ra6 Bxb3 27. Rxa5 Rc6
28. Rb5 Ra6 29. Rb7 Bxa4 30. Ra1 Bc6 31. Rxa6 Bxb7 32. Bb6 Rb8 33. Bc7 Bxa6 34.
Bxb8 Nxb8 35. Nxe5 Bg7 0-1

[Event "Aberto Brasil - II Niterói Chess Open "]
[Site "Salão de Convenções do Hot"]
[Date "2022.09.03"]
[Round "4.53"]
[White "Brambilla, Renee Blandy T."]
[Black "Feller, Gabriela Luisa Vice"]
[Result "0-1"]
[WhiteElo "1616"]
[BlackElo "1869"]
[PlyCount "74"]
[EventDate "2022.09.01"]
[EventRounds "9"]
[EventCountry "BRA"]

1. d4 Nf6 2. c4 e6 3. Nc3 Bb4 4. e3 c5 5. a3 Bxc3+ 6. bxc3 O-O 7. Bd3 d6 8. Nf3
Nc6 9. O-O b6 10. Qc2 Ba6 11. e4 e5 12. d5 Na5 13. Bg5 Bxc4 14. Nd2 Bxd3 15.
Qxd3 h6 16. Bh4 g5 17. Bg3 Qd7 18. Qf3 Kg7 19. Qe2 Qg4 20. f3 Qd7 21. f4 gxf4
22. Bxf4 exf4 23. Rxf4 Rae8 24. Raf1 Ng8 25. Qf2 f6 26. Nf3 Nc4 27. Nh4 Ne5 28.
Qg3+ Kh7 29. Nf5 Rf7 30. Rh4 Rg7 31. Nxg7 Qxg7 32. Qh3 Re7 33. Qf5+ Qg6 34.
Rff4 Qxf5 35. exf5 Rg7 36. h3 Ne7 37. Ra4 Rg3 0-1

[Event "Aberto Brasil - II Niterói Chess Open "]
[Site "Salão de Convenções do Hot"]
[Date "2022.09.03"]
[Round "4.54"]
[White "Dos Santos, Thiago Lopes Verbic"]
[Black "De Oliveira, Francemir Barra"]
[Result "1-0"]
[WhiteElo "1865"]
[BlackElo "1599"]
[PlyCount "85"]
[EventDate "2022.09.01"]
[EventRounds "9"]
[EventCountry "BRA"]

1. e4 e5 2. Nf3 Nc6 3. Bc4 Be7 4. O-O Nf6 5. Re1 O-O 6. c3 d6 7. h3 Na5 8. Bb5
a6 9. Ba4 b5 10. Bc2 h6 11. d4 Nc6 12. Be3 Bd7 13. Nbd2 Qc8 14. Nf1 Kh7 15. Ng3
Rg8 16. Nh4 Bf8 17. Qd2 g6 18. Nf3 Rb8 19. Nh2 Ne7 20. f4 Nc6 21. Nf3 Qe8 22.
Rf1 Nh5 23. Nxh5 gxh5 24. Kh2 Qe7 25. Rad1 Rd8 26. Qf2 Bg7 27. fxe5 dxe5 28.
Nh4 Rdf8 29. Nf5 Qf6 30. Qd2 Ne7 31. Nxh6 Qg6 32. Nxg8 Rxg8 33. Kh1 Bxh3 34.
gxh3 Qg3 35. Bg1 Qxh3+ 36. Qh2 Qg4 37. Rxf7 Ng6 38. Be3 Nf4 39. Bxf4 exf4 40.
Rxf4 Qg5 41. Rf5 Qg6 42. Rxh5+ Bh6 43. e5 1-0

[Event "Aberto Brasil - II Niterói Chess Open "]
[Site "Salão de Convenções do Hot"]
[Date "2022.09.03"]
[Round "4.55"]
[White "De Oliveira, Sergio Patricio"]
[Black "Borsato, Ana Carolina Teodor"]
[Result "0-1"]
[WhiteElo "1605"]
[BlackElo "1845"]
[PlyCount "112"]
[EventDate "2022.09.01"]
[EventRounds "9"]
[EventCountry "BRA"]

1. d4 Nf6 2. c4 g6 3. Nc3 Bg7 4. e4 d6 5. h3 O-O 6. Bd3 Nbd7 7. f4 e5 8. fxe5
dxe5 9. d5 Nc5 10. Bc2 Nfxe4 11. Bxe4 Qh4+ 12. Kf1 Nxe4 13. Nxe4 Qxe4 14. Qe2
Qf5+ 15. Qf3 Qd7 16. Ne2 f5 17. Nc3 Qe7 18. Bd2 Qc5 19. b3 e4 20. Qe2 Bd4 21.
Rc1 e3 22. Be1 f4 23. Na4 Qe7 24. Bc3 Bxc3 25. Nxc3 Bf5 26. Qf3 Qa3 27. Rd1 Qb2
28. Nb5 Rae8 29. Qe2 Qe5 30. Nd4 Be4 31. Nf3 Qh5 32. Rd4 Rf6 33. Ke1 Ra6 34. a4
Rb6 35. Qd1 Bxf3 36. Qxf3 Qxf3 37. gxf3 Rxb3 38. Rh2 Rb1+ 39. Rd1 Rb4 40. Rc2
Rxa4 41. Ke2 Ra6 42. c5 Rd8 43. h4 Rf6 44. Rc4 h6 45. Rcd4 g5 46. hxg5 hxg5 47.
Re4 Kf7 48. Red4 Ra6 49. Kd3 Ra3+ 50. Ke2 Ra2+ 51. Kd3 Ra3+ 52. Ke2 Rh8 53. d6
cxd6 54. cxd6 Rh2+ 55. Ke1 Rh1+ 56. Ke2 Ra2+ 0-1

[Event "Aberto Brasil - II Niterói Chess Open "]
[Site "Salão de Convenções do Hot"]
[Date "2022.09.03"]
[Round "4.56"]
[White "Dioscanio, Rafael Cacador"]
[Black "Rodrigues, Julliano De Araujo"]
[Result "1-0"]
[WhiteElo "1787"]
[BlackElo "1829"]
[PlyCount "65"]
[EventDate "2022.09.01"]
[EventRounds "9"]
[EventCountry "BRA"]

1. d4 d5 2. c4 c6 3. Nf3 Nf6 4. g3 g6 5. Bg2 Bg7 6. O-O O-O 7. Nc3 dxc4 8. a4
a5 9. e4 Na6 10. Qe2 Be6 11. Be3 Ng4 12. Ng5 Bc8 13. Qxc4 e5 14. Nf3 Nxe3 15.
fxe3 exd4 16. exd4 Qb6 17. Kh1 Nb4 18. Rad1 Bg4 19. h3 Be6 20. d5 cxd5 21. exd5
Bd7 22. Qf4 Nc2 23. Rd2 Ne3 24. Re1 Nxg2 25. Kxg2 Qb4 26. Re4 Qb3 27. Re7 Bxc3
28. bxc3 Bxa4 29. Ne5 Be8 30. Qd4 Rd8 31. Ng4 h5 32. Nf6+ Kg7 33. Nxe8+ 1-0

[Event "Aberto Brasil - II Niterói Chess Open "]
[Site "Salão de Convenções do Hot"]
[Date "2022.09.03"]
[Round "4.58"]
[White "Brito, Vicente De Paulo Al"]
[Black "Tsai, Roberto Gong Wei"]
[Result "1-0"]
[WhiteElo "1806"]
[BlackElo "1790"]
[PlyCount "49"]
[EventDate "2022.09.01"]
[EventRounds "9"]
[EventCountry "BRA"]

1. e4 g6 2. d4 Bg7 3. Nf3 d6 4. Bc4 e6 5. O-O Ne7 6. Bg5 O-O 7. Qd2 b6 8. Bh6
Bb7 9. Nc3 d5 10. Bxg7 Kxg7 11. Bd3 dxe4 12. Bxe4 c6 13. Rfe1 Nd7 14. Rad1 Nf6
15. Ne5 Nxe4 16. Nxe4 Nf5 17. Qf4 Nxd4 18. Qe3 c5 19. c3 Qd5 20. cxd4 f5 21.
dxc5 Qxe5 22. Rd7+ Kg8 23. Qh6 Rf7 24. Rxf7 Kxf7 25. Nd6+ 1-0

[Event "Aberto Brasil - II Niterói Chess Open "]
[Site "Salão de Convenções do Hot"]
[Date "2022.09.03"]
[Round "4.62"]
[White "Marcolino, Daniel Mattos"]
[Black "Veiga da Silva, Paulo Roberto Costa"]
[Result "1-0"]
[WhiteElo "2030"]
[BlackElo "1800"]
[PlyCount "70"]
[EventDate "2022.09.01"]
[EventRounds "9"]
[EventCountry "BRA"]

1. d4 Nf6 2. Nf3 g6 3. g3 Bg7 4. Bg2 d5 5. O-O O-O 6. c4 c6 7. b3 dxc4 8. bxc4
c5 9. Bb2 cxd4 10. Nxd4 Qb6 11. Qc1 Bd7 12. Nc3 Qxd4 13. Nb5 Qc5 14. Bxb7 Nc6
15. Bxa8 Rxa8 16. Qf4 Nh5 17. Qd2 Bxb2 18. Qxb2 Rb8 19. Qd2 Bh3 20. Rfc1 a6 21.
Nc3 Rd8 22. Qb2 Nf6 23. Rd1 Rxd1+ 24. Rxd1 Qxc4 25. Rd3 Ne5 26. Qb8+ Kg7 27.
Qxe5 Qe6 28. f3 Qb6+ 29. Qd4 Qb2 30. Kf2 Qa1 31. Rd1 Qb2 32. Rb1 Qc2 33. g4 h5
34. g5 Qf5 35. gxf6+ exf6 1-0

[Event "Aberto Brasil - II Niterói Chess Open "]
[Site "Salão de Convenções do Hot"]
[Date "2022.09.03"]
[Round "4.63"]
[White "Rovedo, Salomao"]
[Black "Freitas, Andre Henrique Lemo"]
[Result "0-1"]
[WhiteElo "1592"]
[BlackElo "2184"]
[PlyCount "48"]
[EventDate "2022.09.01"]
[EventRounds "9"]
[EventCountry "BRA"]

1. d4 Nf6 2. Nf3 d5 3. Bf4 c5 4. dxc5 Na6 5. e3 Nxc5 6. Bb5+ Bd7 7. Bxd7+ Ncxd7
8. O-O e6 9. h3 Be7 10. Nbd2 O-O 11. Ne5 Rc8 12. Rc1 Qa5 13. a3 Rfd8 14. Re1
Nb6 15. Qe2 Qa4 16. Ndf3 h6 17. Nd3 Qe8 18. Nfe5 a6 19. b3 Bxa3 20. Ng4 Be7 21.
Nde5 Nbd7 22. Qf3 Kh7 23. e4 d4 24. Nxf6+ Nxf6 0-1

[Event "Aberto Brasil - II Niterói Chess Open "]
[Site "Salão de Convenções do Hot"]
[Date "2022.09.03"]
[Round "4.64"]
[White "Silva, Joao Paulo Gomes"]
[Black "De Freitas, Isabella Ribeiro Co"]
[Result "0-1"]
[WhiteElo "1587"]
[BlackElo "1888"]
[PlyCount "76"]
[EventDate "2022.09.01"]
[EventRounds "9"]
[EventCountry "BRA"]

1. Nf3 d5 2. c4 d4 3. g3 c5 4. Bg2 Nc6 5. O-O e5 6. d3 f5 7. e3 dxe3 8. fxe3
Nf6 9. Nc3 Bd6 10. d4 cxd4 11. exd4 Nxd4 12. Nxd4 Bc5 13. Be3 exd4 14. Na4 Ng4
15. Nxc5 Nxe3 16. Qa4+ Bd7 17. Nxd7 Qxd7 18. Qxd7+ Kxd7 19. Rf4 Kc7 20. Re1
Rad8 21. Re2 g5 22. Rff2 Rhe8 23. Bd5 d3 24. Rd2 Nxd5 25. cxd5 Re1+ 26. Kg2
Rxd5 27. h3 Re3 28. Rf3 Rxf3 29. Kxf3 Kd6 30. Ke3 Ke5 31. Rxd3 f4+ 32. gxf4+
gxf4+ 33. Ke2 Rxd3 34. Kxd3 h5 35. Ke2 Ke4 36. Kf2 f3 37. b4 b5 38. h4 Kf4 0-1

[Event "Aberto Brasil - II Niterói Chess Open "]
[Site "Salão de Convenções do Hot"]
[Date "2022.09.03"]
[Round "4.65"]
[White "Olivo, Anibal Ribeiro"]
[Black "Dias, Matheus Braga"]
[Result "0-1"]
[WhiteElo "1554"]
[BlackElo "1877"]
[PlyCount "118"]
[EventDate "2022.09.01"]
[EventRounds "9"]
[EventCountry "BRA"]

1. e4 c5 2. Nf3 d6 3. d4 cxd4 4. Nxd4 Nf6 5. Nc3 a6 6. Be2 e5 7. Nb3 Be7 8. Be3
Be6 9. O-O Nbd7 10. f4 exf4 11. Bxf4 O-O 12. Kh1 Ne5 13. Qd2 b5 14. a3 Rc8 15.
Rad1 Qc7 16. Bg5 Rfd8 17. h3 Qd7 18. Bxf6 Bxf6 19. Nd5 Bxd5 20. exd5 Qc7 21. c3
Re8 22. Nd4 Nc4 23. Bxc4 Bxd4 24. Qxd4 Qxc4 25. Qxc4 bxc4 26. Rfe1 Kf8 27. Kg1
Rb8 28. Rxe8+ Kxe8 29. Rd2 Ke7 30. Kf2 Kf6 31. Rd4 Rxb2+ 32. Kf3 Rb3 33. Rxc4
Rxa3 34. Ke4 a5 35. Kd4 Ra2 36. g4 Rd2+ 37. Ke4 Rh2 38. Rc6 Ke7 39. Ra6 Rxh3
40. Ra7+ Kf6 41. Ra6 Rxc3 42. Rxd6+ Ke7 43. Ra6 Rc4+ 44. Kd3 Rxg4 45. Rxa5 Kd6
46. Ra7 f6 47. Ra5 h5 48. Ke3 h4 49. Kf3 Rg3+ 50. Ke4 h3 51. Ra6+ Kc7 52. Ra7+
Kb6 53. Ra1 g5 54. Re1 h2 55. Rh1 Rg2 56. Kf5 Rf2+ 57. Ke6 g4 58. d6 Re2+ 59.
Kxf6 Kc6 0-1

[Event "Aberto Brasil - II Niterói Chess Open "]
[Site "Salão de Convenções do Hot"]
[Date "2022.09.03"]
[Round "4.66"]
[White "Chaves, Jorge Antonio Torre"]
[Black "Pereira, Rodrigo Ferreira"]
[Result "0-1"]
[WhiteElo "1865"]
[BlackElo "1568"]
[PlyCount "110"]
[EventDate "2022.09.01"]
[EventRounds "9"]
[EventCountry "BRA"]

1. b4 Nf6 2. Bb2 d5 3. Nf3 e6 4. b5 b6 5. e3 c5 6. c4 Bb7 7. Be2 Bd6 8. O-O
Nbd7 9. d4 O-O 10. Nbd2 Qc7 11. cxd5 Bxd5 12. dxc5 Nxc5 13. h3 Rac8 14. Nc4
Bxc4 15. Bxc4 Rfd8 16. Qe2 Nfe4 17. Rac1 Qe7 18. Nd4 Qg5 19. Nc6 Ng3 20. Qf3
Nxf1 21. Nxd8 Rxd8 22. Bxf1 Be5 23. Ba3 Bd6 24. Rd1 g6 25. g3 Qe5 26. Rd4 Bc7
27. Bb2 Qf5 28. Rxd8+ Bxd8 29. Qc6 Bf6 30. g4 Qg5 31. f4 Qh4 32. Qe8+ Kg7 33.
Bxf6+ Qxf6 34. Qb8 Qb2 35. g5 Ne4 36. Qe5+ Qxe5 37. fxe5 Nxg5 38. Bg2 f6 39.
exf6+ Kxf6 40. Kf2 Nf7 41. Kg3 Nd6 42. Bc6 Nc4 43. Kf2 g5 44. Ke2 Ke7 45. Be4
h6 46. Kd3 Na3 47. Bc6 Kd6 48. Ke4 Nc2 49. Kf3 h5 50. Be4 Nb4 51. a3 Nd5 52.
Bg6 g4+ 53. hxg4 hxg4+ 54. Kxg4 Nxe3+ 55. Kf3 Nc4 0-1

[Event "Aberto Brasil - II Niterói Chess Open "]
[Site "Salão de Convenções do Hot"]
[Date "2022.09.03"]
[Round "4.67"]
[White "Moyses Sobrinho, Elias"]
[Black "Santiago, Mauro"]
[Result "1-0"]
[WhiteElo "1793"]
[BlackElo "1556"]
[PlyCount "89"]
[EventDate "2022.09.01"]
[EventRounds "9"]
[EventCountry "BRA"]

1. d4 Nf6 2. c4 e6 3. Nc3 d5 4. Nf3 Be7 5. Ne5 Nbd7 6. cxd5 Nxe5 7. dxe5 Nxd5
8. e4 Nxc3 9. Qxd8+ Bxd8 10. bxc3 O-O 11. Ba3 Re8 12. Bb5 c6 13. Bc4 b6 14. O-O
Bb7 15. Bd6 b5 16. Bb3 Bb6 17. a4 a6 18. a5 Ba7 19. c4 Bd4 20. Rac1 c5 21. cxb5
axb5 22. Bxc5 Bxc5 23. Rxc5 Bxe4 24. Ra1 Bd3 25. a6 g6 26. Rc7 Rec8 27. Rxc8+
Rxc8 28. a7 Ra8 29. f4 Bc4 30. Bxc4 bxc4 31. Kf2 c3 32. Ke3 c2 33. Kd2 c1=Q+
34. Kxc1 Kf8 35. Kc2 Ke7 36. Kc3 Kd7 37. Kc4 Kc6 38. Ra6+ Kb7 39. Kb5 Kc7 40.
g4 h5 41. g5 Kb7 42. Rb6+ Kxa7 43. Ra6+ Kb7 44. Rxa8 Kxa8 45. Kc6 1-0

[Event "Aberto Brasil - II Niterói Chess Open "]
[Site "Salão de Convenções do Hot"]
[Date "2022.09.03"]
[Round "4.68"]
[White "De Souza, Jose Alberto Martim"]
[Black "Cardoso, Lucca Pimenta"]
[Result "0-1"]
[WhiteElo "1548"]
[BlackElo "1780"]
[PlyCount "88"]
[EventDate "2022.09.01"]
[EventRounds "9"]
[EventCountry "BRA"]

1. d4 d5 2. c4 e6 3. Nc3 Nf6 4. Nf3 Be7 5. Bf4 O-O 6. e3 a6 7. cxd5 exd5 8. Bd3
c6 9. h3 Nbd7 10. O-O Re8 11. Rc1 Nf8 12. Qc2 Ne6 13. Be5 g6 14. Rfd1 Ng7 15.
e4 dxe4 16. Nxe4 Nxe4 17. Bxg7 Nxf2 18. Qxf2 Kxg7 19. Ne5 Be6 20. Be4 Qa5 21.
a3 Bd6 22. Nf3 Rad8 23. Rf1 Qb5 24. h4 Bf5 25. Ng5 h6 26. Bxf5 gxf5 27. Nh3 Re2
28. Qf3 Rxb2 29. Nf4 Bxf4 30. Qxf4 Qe2 31. Qg3+ Qg4 32. Qe5+ Kg6 33. Qh2 Rxd4
34. Rf3 f4 35. Rcf1 Kf5 36. Rg3 Qe2 37. Rgf3 Qd2 38. Qh3+ Ke5 39. Qg4 Rc2 40.
R3f2 Qe3 41. Qg7+ Kd6 42. Qf6+ Kc7 43. Qxf7+ Kb8 44. Qf8+ Ka7 0-1

[Event "Aberto Brasil - II Niterói Chess Open "]
[Site "Salão de Convenções do Hot"]
[Date "2022.09.03"]
[Round "4.69"]
[White "De Napole, Jo"]
[Black "Boabaid, Jorge Alberto Duard"]
[Result "0-1"]
[WhiteElo "1429"]
[BlackElo "1780"]
[PlyCount "48"]
[EventDate "2022.09.01"]
[EventRounds "9"]
[EventCountry "BRA"]

1. e4 e5 2. Nf3 Nc6 3. Bc4 Nf6 4. d3 Bc5 5. c3 d6 6. O-O O-O 7. h3 Ne7 8. d4
exd4 9. cxd4 Bb6 10. Nc3 c6 11. e5 Nfd5 12. Bg5 h6 13. Nxd5 cxd5 14. Bxe7 Qxe7
15. Bxd5 dxe5 16. Re1 Rd8 17. Rxe5 Qf6 18. Qe2 Bf5 19. g4 Bg6 20. h4 Bc7 21. g5
Qf4 22. Re7 Rxd5 23. Qc4 Qxf3 24. Qxc7 Be4 0-1

[Event "Aberto Brasil - II Niterói Chess Open "]
[Site "Salão de Convenções do Hot"]
[Date "2022.09.03"]
[Round "4.70"]
[White "De Almeida, Roberto A. Ferreira"]
[Black "Araujo, Barbara Ribeiro"]
[Result "0-1"]
[WhiteElo "1776"]
[BlackElo "1523"]
[PlyCount "90"]
[EventDate "2022.09.01"]
[EventRounds "9"]
[EventCountry "BRA"]

1. e4 c5 2. Nf3 g6 3. d4 cxd4 4. Qxd4 Nf6 5. e5 Nc6 6. Qc3 Nd5 7. Qd3 Nc7 8.
Nc3 Bg7 9. Bf4 O-O 10. Rd1 Ne6 11. Bg3 Qa5 12. Qd5 Qb6 13. Qb5 Qd8 14. Be2 a6
15. Qd5 Qb6 16. Qb3 Qa7 17. Nd5 b5 18. O-O Nc5 19. Qe3 e6 20. Nf6+ Kh8 21. h4
Ne7 22. b4 Na4 23. Qxa7 Rxa7 24. Rd3 Nb2 25. Rb3 Nc4 26. Bf4 d5 27. exd6 Bxf6
28. dxe7 Bxe7 29. Rd1 f6 30. a3 e5 31. Be3 Rc7 32. Bh6 Re8 33. Nd2 Be6 34. Rc3
Rec8 35. Nxc4 bxc4 36. Be3 Kg7 37. Bf3 Rb8 38. Rb1 h6 39. g4 f5 40. gxf5 gxf5
41. Re1 Rd7 42. Rd1 Rxd1+ 43. Bxd1 f4 44. Bc1 Bxh4 45. Rh3 Bxh3 0-1

[Event "Aberto Brasil - II Niterói Chess Open "]
[Site "Salão de Convenções do Hot"]
[Date "2022.09.03"]
[Round "4.71"]
[White "Campagnolo, Bruna"]
[Black "Flores, Clarice Soares Leit"]
[Result "0-1"]
[WhiteElo "1393"]
[BlackElo "1767"]
[PlyCount "86"]
[EventDate "2022.09.01"]
[EventRounds "9"]
[EventCountry "BRA"]

1. e4 c5 2. Nf3 e6 3. d4 cxd4 4. Nxd4 Nf6 5. Nc3 Nc6 6. Be2 Bb4 7. Bg5 h6 8.
Nxc6 bxc6 9. Bxf6 Qxf6 10. Qd2 O-O 11. a3 Ba5 12. O-O Rb8 13. b4 Bc7 14. f4
Bb6+ 15. Kh1 Qd4 16. Rad1 Qxd2 17. Rxd2 d5 18. e5 a5 19. Na4 axb4 20. Nxb6 Rxb6
21. Rb1 c5 22. axb4 cxb4 23. Rd4 Rc6 24. Bd3 Ba6 25. Rdxb4 Rfc8 26. Rb8 Bxd3
27. Rxc8+ Rxc8 28. cxd3 Rc3 29. Rd1 Kh7 30. g4 Rc2 31. Rf1 Re2 32. Kg1 Re3 33.
Rd1 Rf3 34. h3 Rxf4 35. Rf1 Rxf1+ 36. Kxf1 h5 37. d4 hxg4 38. hxg4 Kh6 39. Kf2
Kg5 40. Kf3 Kh4 41. Kf4 g5+ 42. Kf3 Kh3 43. Ke3 Kxg4 0-1

[Event "Aberto Brasil - II Niterói Chess Open "]
[Site "Salão de Convenções do Hot"]
[Date "2022.09.03"]
[Round "4.72"]
[White "Pavao, Alice Lara Biasi"]
[Black "Da Silva, Diogo Viana"]
[Result "0-1"]
[WhiteElo "1366"]
[BlackElo "1750"]
[PlyCount "58"]
[EventDate "2022.09.01"]
[EventRounds "9"]
[EventCountry "BRA"]

1. c4 c5 2. g3 Nc6 3. Bg2 g6 4. Nf3 Bg7 5. O-O e5 6. Nc3 d6 7. d3 Nge7 8. a3
O-O 9. Rb1 a5 10. Ne1 Be6 11. Nc2 d5 12. cxd5 Nxd5 13. Nxd5 Bxd5 14. Bxd5 Qxd5
15. b4 cxb4 16. axb4 a4 17. b5 Nd4 18. Nxd4 Qxd4 19. Be3 Qd5 20. Qc1 Rfc8 21.
Qa3 Bf8 22. Qa1 Rc2 23. Rb2 Rxb2 24. Qxb2 a3 25. Qc2 Qxb5 26. Qa2 Qb2 27. Qa1
Bb4 28. Rb1 Qxa1 29. Rxa1 a2 0-1

[Event "Aberto Brasil - II Niterói Chess Open "]
[Site "Salão de Convenções do Hot"]
[Date "2022.09.03"]
[Round "4.74"]
[White "Melo, Igor De Souza"]
[Black "Do Amaral Vailant, Helena Kether"]
[Result "1-0"]
[WhiteElo "1741"]
[BlackElo "1513"]
[PlyCount "97"]
[EventDate "2022.09.01"]
[EventRounds "9"]
[EventCountry "BRA"]

1. e4 e5 2. Nf3 Nc6 3. d4 exd4 4. Nxd4 Qf6 5. Nxc6 Qxc6 6. Bd3 Bc5 7. Nc3 Ne7
8. Qe2 a6 9. Be3 Bb4 10. Bd2 O-O 11. O-O-O Re8 12. g4 d5 13. e5 Ng6 14. Bxg6
Qxg6 15. Nxd5 Bxd2+ 16. Rxd2 Qc6 17. Rhd1 Be6 18. Nc3 b5 19. Qe4 Qxe4 20. Nxe4
Bxg4 21. Rg1 f5 22. f4 Rad8 23. Nf2 Rxd2 24. Kxd2 Bf3 25. Ke3 Bc6 26. Rg5 g6
27. h4 Kf7 28. h5 Re6 29. h6 Be8 30. Nh3 Rc6 31. Rg2 Rb6 32. Ng5+ Ke7 33. Rh2
c5 34. Nxh7 Bf7 35. Nf6 Rb8 36. h7 Rh8 37. Rd2 b4 38. Rd7+ Kf8 39. b3 Kg7 40.
Rc7 Rd8 41. Rxc5 Kh6 42. Rc7 Kg7 43. Ra7 Rc8 44. Kd2 Rc3 45. Rxf7+ Kxf7 46.
h8=Q Rg3 47. Qe8+ Kg7 48. Qg8+ Kh6 49. Qh8# 1-0

[Event "Aberto Brasil - II Niterói Chess Open "]
[Site "Salão de Convenções do Hot"]
[Date "2022.09.03"]
[Round "4.75"]
[White "Carrillo Marval, Maria Angelica"]
[Black "Barberi, Catarina"]
[Result "1-0"]
[WhiteElo "1734"]
[BlackElo "1304"]
[PlyCount "111"]
[EventDate "2022.09.01"]
[EventRounds "9"]
[EventCountry "BRA"]

1. e4 c5 2. Nf3 e6 3. d4 cxd4 4. Nxd4 Nf6 5. Nc3 Nc6 6. Ndb5 Bb4 7. a3 Ba5 8.
Nd6+ Ke7 9. b4 Bc7 10. Ndb5 Bb6 11. Qd6+ Ke8 12. Be3 Qe7 13. Bxb6 Qxd6 14.
Nxd6+ Ke7 15. Bc5 b6 16. Nxc8+ Kd8 17. Nd6 bxc5 18. Nxf7+ Ke7 19. Nxh8 cxb4 20.
Ng6+ hxg6 21. axb4 Nxb4 22. Bd3 Ng4 23. h3 Ne5 24. Kd2 Rf8 25. f3 Ra8 26. Rhb1
Nbc6 27. Ne2 a5 28. Ra4 Nf7 29. Bb5 Nfd8 30. Bxc6 Nxc6 31. Nd4 Nxd4 32. Rxd4 a4
33. Ra1 a3 34. Ra2 d6 35. Rd3 e5 36. Rdxa3 Rxa3 37. Rxa3 Ke6 38. Kd3 Kf6 39.
Ra6 Ke6 40. c4 Ke7 41. Ra7+ Ke6 42. Rxg7 Kf6 43. Rd7 Ke6 44. Ra7 g5 45. g3 Kf6
46. Ra6 Ke6 47. h4 gxh4 48. gxh4 Ke7 49. h5 Ke6 50. h6 Kf6 51. Rxd6+ Kf7 52. c5
Kg8 53. c6 Kh8 54. Rd7 Kg8 55. c7 Kf8 56. c8=Q# 1-0

[Event "Aberto Brasil - II Niterói Chess Open "]
[Site "Salão de Convenções do Hot"]
[Date "2022.09.03"]
[Round "4.77"]
[White "Simas, Breno Matos"]
[Black "Silva, Juliana Figueira Th"]
[Result "0-1"]
[WhiteElo "1715"]
[BlackElo "1296"]
[PlyCount "60"]
[EventDate "2022.09.01"]
[EventRounds "9"]
[EventCountry "BRA"]

1. d4 Nf6 2. c4 g6 3. Nf3 Bg7 4. g3 d6 5. Bg2 O-O 6. O-O Nbd7 7. Nc3 e5 8. dxe5
dxe5 9. Qc2 c6 10. Rd1 Qe7 11. h3 Ne8 12. Bg5 f6 13. Be3 f5 14. Qb3 Kh8 15. Rd2
Nef6 16. Rad1 h6 17. Rd6 g5 18. c5 Re8 19. Qc4 e4 20. Nd4 Ne5 21. Qb4 Nf7 22.
Nb3 Nxd6 23. cxd6 Qf7 24. Nd4 Nd7 25. Qa5 b6 26. Qxf5 Nf6 27. Bxe4 Bxf5 28.
Bxf5 Nd7 29. Be6 Rxe6 30. Nxe6 Qxe6 0-1

[Event "Aberto Brasil - II Niterói Chess Open "]
[Site "Salão de Convenções do Hot"]
[Date "2022.09.03"]
[Round "4.78"]
[White "Pavao, Fabio Biasi"]
[Black "Rabello, Lorenzzo Urubatan B"]
[Result "1-0"]
[WhiteElo "1703"]
[BlackElo "1266"]
[PlyCount "51"]
[EventDate "2022.09.01"]
[EventRounds "9"]
[EventCountry "BRA"]

1. c4 c5 2. g3 d6 3. Bg2 Nf6 4. e3 Nc6 5. Ne2 Bf5 6. d3 Nb4 7. e4 Bd7 8. O-O
Rb8 9. Nbc3 e6 10. a3 Nc6 11. Rb1 a5 12. f4 Be7 13. Nb5 Qb6 14. Be3 Na7 15.
Nxa7 Qxa7 16. b4 axb4 17. axb4 b6 18. Ra1 Qc7 19. b5 O-O 20. Nc3 e5 21. fxe5
dxe5 22. Nd5 Nxd5 23. exd5 Qc8 24. Ra7 Ra8 25. Rxa8 Qxa8 26. d6 1-0

[Event "Aberto Brasil - II Niterói Chess Open "]
[Site "Salão de Convenções do Hot"]
[Date "2022.09.03"]
[Round "4.80"]
[White "Campagnolo, Fabiola"]
[Black "Fonseca, Marcelo Lobo"]
[Result "0-1"]
[WhiteElo "1702"]
[BlackElo "1800"]
[PlyCount "96"]
[EventDate "2022.09.01"]
[EventRounds "9"]
[EventCountry "BRA"]

1. e4 e5 2. Nf3 Nf6 3. Nc3 Bb4 4. Qe2 d6 5. Qb5+ Nc6 6. Nd5 a6 7. Qc4 Bc5 8. h3
b5 9. Nxf6+ Qxf6 10. Qe2 O-O 11. d3 Nd4 12. Nxd4 exd4 13. h4 Bd7 14. Bg5 Qe6
15. g3 Bb4+ 16. Bd2 Bxd2+ 17. Qxd2 f5 18. Bh3 d5 19. O-O-O dxe4 20. dxe4 Qxa2
21. Qxd4 Bc6 22. b3 Bxe4 23. Qb2 Qxb2+ 24. Kxb2 Bxh1 25. Rxh1 b4 26. Bg2 Rad8
27. Ra1 Rd6 28. Ra4 c5 29. Bf1 Ra8 30. Ra5 Kf8 31. Rxc5 a5 32. Rxf5+ Rf6 33.
Rc5 Rxf2 34. Bd3 h6 35. Rc7 Rd8 36. Be4 Re2 37. Bf5 Rf2 38. g4 h5 39. Rc5 hxg4
40. Bxg4 Rdd2 41. Bh5 Rh2 42. Bg6 Rxh4 43. Rxa5 Ke7 44. Bd3 Rd4 45. Rg5 R4xd3
46. Rxg7+ Kf6 47. Rb7 Rd4 48. Rb5 Re2 0-1

[Event "Aberto Brasil - II Niterói Chess Open "]
[Site "Salão de Convenções do Hot"]
[Date "2022.09.03"]
[Round "4.82"]
[White "Nobre, Jailson Altair Barb"]
[Black "Manoel, Gustavo Da Silva Me"]
[Result "1-0"]
[WhiteElo "1660"]
[BlackElo "1798"]
[PlyCount "61"]
[EventDate "2022.09.01"]
[EventRounds "9"]
[EventCountry "BRA"]

1. Nf3 Nf6 2. c4 g6 3. b4 Bg7 4. Bb2 O-O 5. g3 c6 6. Bg2 d5 7. Qc2 Bf5 8. d3
Na6 9. a3 Qd7 10. Nd4 Bh3 11. O-O Rfe8 12. Nd2 Bxg2 13. Kxg2 e5 14. N4b3 Rad8
15. e4 Nh5 16. f3 f5 17. Rac1 Qe7 18. cxd5 cxd5 19. b5 Nb8 20. Qc5 Qg5 21. exd5
Nf4+ 22. Kh1 Nxd3 23. Qxa7 Nxb2 24. Rc7 Rd7 25. d6 Rxd6 26. Rxb7 Nd7 27. Rxd7
Rxd7 28. Qxd7 Rd8 29. Qe6+ Kh8 30. b6 Qe3 31. b7 1-0

[Event "Aberto Brasil - II Niterói Chess Open "]
[Site "Salão de Convenções do Hot"]
[Date "2022.09.03"]
[Round "4.88"]
[White "Valente, Gabriel Luis Cavalc"]
[Black "Das Chagas, David Ferreira"]
[Result "0-1"]
[WhiteElo "1800"]
[BlackElo "1989"]
[PlyCount "52"]
[EventDate "2022.09.01"]
[EventRounds "9"]
[EventCountry "BRA"]

1. c4 e5 2. g3 f5 3. Bg2 Nf6 4. e3 Nc6 5. Ne2 Be7 6. Nbc3 d6 7. O-O O-O 8. b3
Qe8 9. Nd5 Bd8 10. Bb2 Ne7 11. Nxf6+ gxf6 12. d4 Ng6 13. Rc1 Rb8 14. c5 e4 15.
cxd6 cxd6 16. Ba3 Be7 17. Qd2 Bd7 18. Rc2 Qd8 19. Rfc1 Bb5 20. Nc3 Bd3 21. Rb2
Qa5 22. Na4 Qa6 23. Bb4 Rbc8 24. Nc3 Rc6 25. Nd5 Rfc8 26. Bh3 Rxc1+ 0-1